Detva (okres Zvolen) kríž pred kostolom

Podrobná bibliografia
Médium: Pohľadnica
Jazyk:slovenčina
Fyzický popis:1 pohľadnica čiernobiela 14 x 9 cm
Vydavateľské údaje: [Slovensko?] Nákl. Domu Andreja Sládkoviča [1920?]
Predmet:

MARC

LEADER 00000nkm a2200000 a 4500
001 vtls010208208
003 SK-MaSNL
005 20260512130205.0
007 kp bo
008 240703q1920 xo g kuslo
015 |a SNBG 
035 |a A39941DA-2A24-4365-BF6D-4E977C48E7F6 
035 |a urn:nbn:sk:snk-km007aok 
035 |a urn:nbn:sk:snk-kmtj6i 
040 |a SNK  |b slo  |c SNK  |e AACR2 
041 0 |a slo 
043 |a e-xo--- 
044 |a xo  |c SK 
080 |a 39  |2 2001 
080 |a 391  |2 2001 
080 |a 73.023.1  |2 2001 
080 |a 913(437.6)  |2 2001 
080 |a (084.121)  |2 2001 
245 0 0 |a Detva (okres Zvolen)  |h grafika  |b kríž pred kostolom 
260 |a [Slovensko?]  |b Nákl. Domu Andreja Sládkoviča  |c [1920?] 
300 |a 1 pohľadnica  |b čiernobiela  |c 14 x 9 cm 
650 0 7 |a etnografia  |2 SNKPH  |9 950 
650 0 7 |a ľudové odevy  |2 SNKPH  |9 85297 
650 0 7 |a rezbárstvo  |2 SNKPH  |9 2735 
651 7 |a Detva (Slovensko)  |2 SNKPH  |9 15171 
655 7 |a miestne pohľadnice  |2 SNKPH  |9 70510 
852 |a Slovenská národná knižnica 
958 |a EUIPO 
958 |a GC 
958 |a OND 
958 |a GBN 
999 |c 1178286  |d 1180216 
952 |a SNK  |b SNK  |y PREZ  |7 0  |p 17A0688037  |o snkSP 3034  |0 0  |1 0  |4 0  |d 2011-02-02  |f 1  |l 0  |r 2026-02-24 21:29:03  |w 2026-02-24